header

Innovative approaches to undergraduate mathematics courses beyond calculus (Record no. 13638)

MARC details
000 -LEADER
fixed length control field 01365nam a2200337Ia 4500
245 00 - TITLE STATEMENT
Title Innovative approaches to undergraduate mathematics courses beyond calculus
260 ## - PUBLICATION, DISTRIBUTION, ETC. (IMPRINT)
Place of publication [Washington, DC] :
Name of publisher Published and distributed by the Mathematical Association of America,
Year of publication c2005.
300 ## - PHYSICAL DESCRIPTION
Number of Pages xiii, 173 p. :
Other physical details ill.
490 1# - SERIES STATEMENT
Series statement MAA notes ;
650 #0 - SUBJECT ADDED ENTRY--TOPICAL TERM
Topical Term Mathematics
Topical Term Mathematics
700 1# - ADDED ENTRY--PERSONAL NAME
Personal name Maher, Richard J.,
856 40 - ELECTRONIC LOCATION AND ACCESS
Uniform Resource Identifier http://site.ebrary.com/lib/rucke/Doc?id=10684325

No items available.

© 2026 Rongo University
Contact us: librarian | system librarian | Rongo university